=LDR 00000nam 2200000 4500 =001 INLIS000000000047672 =990 ##$$a 20901492 =005 20250110030556 =035 ##$$a 0010-021600000000060 =008 250110###########################0###### =082 ##$$a 028.5 =090 ##$$a 028.5 sal p.i =100 ##$$a arleen amidjaja =245 1#$$a Sisil Si Pensil /$c Arleen Amidjaja =260 ##$$a Jakarta :$b Bumi Aksara Group,$c 2008 =300 ##$$a 130 hlm =850 ##$$a NPBMAT =020 ##$$a 978-979-010-484-6 =084 ##$$a 028.5 ARL s =990 ##$$a 20901492